| 000 | 00349nam a2200145 a 4500 | ||
|---|---|---|---|
| 001 | 1335 | ||
| 003 | CDMR | ||
| 005 | 20130116135209.0 | ||
| 008 | 130130s2004||||||||||||||||||||||||||||d | ||
| 040 |
_aCDMR _bcat _cCDMR |
||
| 100 | 1 |
_aVoltes, Pedro _91036 |
|
| 245 | 1 | 0 | _aFuria y farsa del siglo XX |
| 260 |
_aBarcelona _c2004 _bFlor del Viento |
||
| 942 | _cMON | ||
| 999 |
_c1335 _d1335 |
||